000 00347nam a2200133Ia 4500
008 240624s9999 xx 000 0 und d
041 _aeng
082 _a658.51 GRU
100 _aGRUNE GUIDO
245 _aBUSINESS PROCESS MANAGEMENT WITHIN CHEMI
260 _c2014
_aLondon
_bSpringer
300 _aviii, : 175 : p. : cm. ; 24
365 _cERU
_b28
999 _c23758
_d23758